000 00474nam a22001697a 4500
003 OSt
005 20211130143421.0
008 211130b |||||||| |||| 00| 0 eng d
020 _a81-89866-07-9
040 _aDDC
_cHU
082 _21ST
_a616.07572
_b7
100 _aK. RAMAKANTH HEBBAR
_921117
245 _aBASIC OF X-RAY ;DIFFRACTION AND ITS APPLICATIONS
250 _a1ST
260 _aNEW DELHI
_bI.K.INTERNATIONAL PUBLISHING HOUS PVT.LTD
_c2007
942 _2ddc
_cBOOKS
_n0
999 _c20769
_d20769